[Event "Bundesliga 9899"]
[Site "Deutschland"]
[Date "1999.02.21"]
[Round "11.5"]
[White "Lauber, Arnd"]
[Black "Gabriel, Christian"]
[Result "0-1"]
[WhiteElo "2418"]
[BlackElo "2581"]
[PlyCount "80"]
[EventDate "1998.10.17"]
[EventType "team"]
[EventRounds "15"]
[EventCountry "GER"]
[SourceTitle "Bundesliga 9899"]
[Source "DeepChess"]
[SourceDate "2005.01.01"]
[SourceVersion "1"]
[SourceVersionDate "2005.01.01"]
[SourceQuality "1"]
[WhiteTeam "Delmenhorster SK 1931"]
[BlackTeam "SG 1868 Aljech. Solingen"]
[WhiteTeamCountry "GER"]
[BlackTeamCountry "GER"]

1. d4 Nf6 2. c4 g6 3. Nc3 Bg7 4. e4 d6 5. Nf3 O-O 6. Be2 e5 7. O-O Nc6 8. d5
Ne7 9. b4 Ne8 10. c5 f5 11. Nd2 Nf6 12. f3 f4 13. Nc4 Rf7 14. a4 Bf8 15. a5 g5
16. b5 g4 17. fxg4 Rg7 18. cxd6 cxd6 19. Ne3 Bd7 20. Nf5 Nxf5 21. gxf5 Rc8 22.
Qb3 Rxc3 23. Qxc3 Nxe4 24. Qc4 Nf6 25. Kh1 Bxf5 26. Bb2 Ne4 27. Qb4 Qh4 28. Bf3
Ng3+ 29. Kg1 Nxf1 30. Rxf1 Bd3 31. Rc1 Qh3 32. Kh1 Qf5 33. b6 axb6 34. axb6 Rd7
35. Rc7 e4 36. Bxe4 Bxe4 37. Rxd7 Qg4 38. Qd2 Qxd7 39. Qxf4 Qf5 40. Qg3+ Kf7
0-1

[Event "Bundesliga 9899"]
[Site "Deutschland"]
[Date "1999.02.21"]
[Round "11.6"]
[White "Kasimdzhanov, Rustam"]
[Black "Breutigam, Martin"]
[Result "1-0"]
[WhiteElo "2595"]
[BlackElo "2365"]
[PlyCount "59"]
[EventDate "1998.10.17"]
[EventType "team"]
[EventRounds "15"]
[EventCountry "GER"]
[SourceTitle "Bundesliga 9899"]
[Source "DeepChess"]
[SourceDate "2005.01.01"]
[SourceVersion "1"]
[SourceVersionDate "2005.01.01"]
[SourceQuality "1"]
[WhiteTeam "SG 1868 Aljech. Solingen"]
[BlackTeam "Delmenhorster SK 1931"]
[WhiteTeamCountry "GER"]
[BlackTeamCountry "GER"]

1. c4 Nc6 2. Nc3 e5 3. g3 d6 4. Bg2 f5 5. Rb1 Nf6 6. b4 g5 7. b5 Ne7 8. d4 h6
9. dxe5 dxe5 10. Qb3 Ng6 11. Nd5 Nxd5 12. Bxd5 Bc5 13. Bb2 Qe7 14. h4 g4 15. e3
Bd7 16. Bxb7 Rb8 17. Bg2 a6 18. a4 c6 19. Ne2 axb5 20. axb5 cxb5 21. h5 Nf8 22.
Nc3 Nh7 23. cxb5 Nf6 24. O-O Be6 25. Nd5 Bxd5 26. Bxd5 Kf8 27. Bc6 Rg8 28. Qc3
Bd6 29. Rfd1 Kg7 30. Qd3 1-0

[Event "Bundesliga 9899"]
[Site "Deutschland"]
[Date "1999.02.21"]
[Round "11.7"]
[White "Jugelt, Tobias"]
[Black "Bischoff, Klaus"]
[Result "1-0"]
[WhiteElo "2363"]
[BlackElo "2521"]
[PlyCount "81"]
[EventDate "1998.10.17"]
[EventType "team"]
[EventRounds "15"]
[EventCountry "GER"]
[SourceTitle "Bundesliga 9899"]
[Source "DeepChess"]
[SourceDate "2005.01.01"]
[SourceVersion "1"]
[SourceVersionDate "2005.01.01"]
[SourceQuality "1"]
[WhiteTeam "Delmenhorster SK 1931"]
[BlackTeam "SG 1868 Aljech. Solingen"]
[WhiteTeamCountry "GER"]
[BlackTeamCountry "GER"]

1. d4 d6 2. Bg5 Nd7 3. Nd2 Ngf6 4. e3 h6 5. Bh4 e6 6. Bd3 Be7 7. Ne2 b6 8. c4
c5 9. Nc3 Bb7 10. O-O O-O 11. Bg3 cxd4 12. exd4 d5 13. Qb3 a6 14. a4 Ra7 15.
Rfd1 Ba8 16. Nf1 Nb8 17. Ne3 dxc4 18. Nxc4 Nfd7 19. Bf1 Nc6 20. d5 exd5 21.
Nxd5 Bc5 22. Qc3 a5 23. Nce3 Re8 24. Bb5 Re6 25. Nc4 Nd4 26. Nce3 Nxb5 27. axb5
Qg5 28. h4 Qg6 29. Nf4 Qe4 30. Nxe6 fxe6 31. Qc4 Nf6 32. Rd8+ Kh7 33. Qxe4+
Nxe4 34. Be5 Be7 35. Rb8 Bxh4 36. g3 Be7 37. Rxb6 Ng5 38. Bd6 Bf6 39. Ra6 Rd7
40. Rxa8 Rxd6 41. Rd1 1-0

[Event "Bundesliga 9899"]
[Site "Deutschland"]
[Date "1999.02.21"]
[Round "11.8"]
[White "Chandler, Murray G"]
[Black "Plump, Detlef"]
[Result "1/2-1/2"]
[WhiteElo "2520"]
[BlackElo "2231"]
[PlyCount "165"]
[EventDate "1998.10.17"]
[EventType "team"]
[EventRounds "15"]
[EventCountry "GER"]
[SourceTitle "Bundesliga 9899"]
[Source "DeepChess"]
[SourceDate "2005.01.01"]
[SourceVersion "1"]
[SourceVersionDate "2005.01.01"]
[SourceQuality "1"]
[WhiteTeam "SG 1868 Aljech. Solingen"]
[BlackTeam "Delmenhorster SK 1931"]
[WhiteTeamCountry "GER"]
[BlackTeamCountry "GER"]

1. e4 c5 2. Nf3 e6 3. d4 cxd4 4. Nxd4 a6 5. Bd3 Nf6 6. O-O Qc7 7. Qe2 d6 8. c4
Nc6 9. Nxc6 bxc6 10. Nc3 Be7 11. Bg5 h6 12. Bd2 e5 13. Rae1 O-O 14. Kh1 Bb7 15.
Bb1 Rad8 16. f4 Rfe8 17. fxe5 dxe5 18. c5 Bc8 19. Be3 a5 20. Bd3 Bg4 21. Qc2
Be6 22. Na4 Rb8 23. b3 Nd7 24. Be2 Red8 25. Rb1 Rb7 26. Bc1 Nf8 27. Be3 Rbb8
28. a3 Rb7 29. b4 axb4 30. axb4 Ra8 31. Nb6 Ra2 32. Rb2 Rba7 33. Nc4 Ra1 34.
Na5 Rxf1+ 35. Bxf1 Nd7 36. Rb1 Ra8 37. Bg1 Rb8 38. Nc4 Ra8 39. h3 Ra7 40. Bh2
Ra8 41. Qc3 Bf6 42. Ra1 Qb8 43. Rxa8 Qxa8 44. Na5 Bd8 45. Bd3 g6 46. Bg1 Bc7
47. Be3 Kh7 48. Qd2 h5 49. Qc3 Kg8 50. Bg5 Kf8 51. Bh4 Ke8 52. Bf2 Kf8 53. Bh4
Ke8 54. Bc2 Kf8 55. Kg1 Nb8 56. Qd2 Nd7 57. Bf2 Kg8 58. Qc3 Kf8 59. Be1 Kg8 60.
Bh4 Kf8 61. Bd3 f6 62. Bf2 Ke7 63. Qd2 Bf7 64. Be2 Nf8 65. Kh2 Ne6 66. Kh1 Ng5
67. Bd3 Ne6 68. Qc3 Nf4 69. Bf1 Ne6 70. Be3 Nf4 71. Qa3 Ne6 72. Qa4 Be8 73. Bc4
Bd7 74. Qc2 Nd8 75. Qd2 Be6 76. Be2 Bf7 77. Bd1 Qa6 78. Be2 Qa8 79. Qc3 Ne6 80.
Bf1 Nd8 81. Bd3 Ne6 82. Qa1 Be8 83. Qc3 1/2-1/2

[Event "Bundesliga 9899"]
[Site "Deutschland"]
[Date "1999.02.21"]
[Round "11.1"]
[White "Bologan, Viktor"]
[Black "Epishin, Vladimir"]
[Result "1/2-1/2"]
[WhiteElo "2608"]
[BlackElo "2578"]
[PlyCount "109"]
[EventDate "1998.10.17"]
[EventType "team"]
[EventRounds "15"]
[EventCountry "GER"]
[SourceTitle "Bundesliga 9899"]
[Source "DeepChess"]
[SourceDate "2005.01.01"]
[SourceVersion "1"]
[SourceVersionDate "2005.01.01"]
[SourceQuality "1"]
[WhiteTeam "Dresdner SC 1898"]
[BlackTeam "PSV Turm Duisburg 1920 e.V."]
[WhiteTeamCountry "GER"]
[BlackTeamCountry "GER"]

1. e4 c6 2. d4 d5 3. exd5 cxd5 4. c4 Nf6 5. Nc3 e6 6. Nf3 Bb4 7. cxd5 Nxd5 8.
Qc2 Nc6 9. Bd3 h6 10. O-O O-O 11. a3 Bd6 12. Qe2 Nce7 13. Ne5 Nf5 14. Rd1 Nxd4
15. Qe4 Nf5 16. Nxd5 exd5 17. Qxd5 Bc7 18. Qxd8 Rxd8 19. Bf4 Re8 20. Re1 g5 21.
Nf3 Rd8 22. Bxc7 Rxd3 23. Re8+ Kg7 24. Rc1 b6 25. Be5+ f6 26. g4 Kf7 27. Rexc8
Rxc8 28. Rxc8 Rxf3 29. Rc7+ Ke6 30. Bc3 Ne7 31. Rxa7 Nd5 32. Rb7 Rd3 33. Kf1 f5
34. Rh7 Nxc3 35. Rxh6+ Ke5 36. bxc3 Rxc3 37. Rxb6 Rxa3 38. Rb5+ Kf4 39. gxf5
Kf3 40. Rb1 Ra6 41. h3 Kf4 42. Rb5 g4 43. Rb4+ Kf3 44. Rb3+ Kf4 45. f6 gxh3 46.
f7 Ra1+ 47. Ke2 Ra2+ 48. Kd1 Ra1+ 49. Kc2 Ra2+ 50. Kc1 Ra1+ 51. Kb2 Ra8 52.
Rxh3 Rf8 53. Rh7 Kg5 54. Kc2 Rc8+ 55. Kd3 1/2-1/2

[Event "Bundesliga 9899"]
[Site "Deutschland"]
[Date "1999.02.21"]
[Round "11.2"]
[White "Lerner, Konstantin Z"]
[Black "Maiwald, Jens Uwe"]
[Result "1/2-1/2"]
[WhiteElo "2568"]
[BlackElo "2467"]
[PlyCount "83"]
[EventDate "1998.10.17"]
[EventType "team"]
[EventRounds "15"]
[EventCountry "GER"]
[SourceTitle "Bundesliga 9899"]
[Source "DeepChess"]
[SourceDate "2005.01.01"]
[SourceVersion "1"]
[SourceVersionDate "2005.01.01"]
[SourceQuality "1"]
[WhiteTeam "PSV Turm Duisburg 1920 e.V."]
[BlackTeam "Dresdner SC 1898"]
[WhiteTeamCountry "GER"]
[BlackTeamCountry "GER"]

1. d4 Nf6 2. c4 g6 3. g3 Bg7 4. Bg2 O-O 5. Nc3 d6 6. Nf3 Nc6 7. O-O Bf5 8. Ne1
Qd7 9. e4 Bh3 10. f3 Bxg2 11. Kxg2 Na5 12. b3 c5 13. Nc2 cxd4 14. Nxd4 Nc6 15.
Be3 a6 16. Rc1 Rab8 17. Rf2 Rfc8 18. Rd2 Qe8 19. Nde2 b5 20. Nd5 Ne5 21. cxb5
Nxd5 22. exd5 Qxb5 23. Rdc2 Rxc2 24. Rxc2 Qb7 25. Bf4 Rc8 26. Rxc8+ Qxc8 27.
Nd4 Qc3 28. Qd2 Qxd2+ 29. Bxd2 Nc4 30. bxc4 Bxd4 31. g4 f5 32. Kf1 Kf7 33. Ke2
Bc5 34. Kd3 e6 35. g5 e5 36. h3 Ke8 37. Kc2 Kd7 38. Kd3 Kc7 39. Ba5+ Kb7 40.
Ke2 Ba3 41. Kd2 Bc5 42. Ke2 1/2-1/2

[Event "Bundesliga 9899"]
[Site "Deutschland"]
[Date "1999.02.21"]
[Round "11.3"]
[White "Boensch, Uwe"]
[Black "Thesing, Matthias"]
[Result "1/2-1/2"]
[WhiteElo "2533"]
[BlackElo "2455"]
[PlyCount "180"]
[EventDate "1998.10.17"]
[EventType "team"]
[EventRounds "15"]
[EventCountry "GER"]
[SourceTitle "Bundesliga 9899"]
[Source "DeepChess"]
[SourceDate "2005.01.01"]
[SourceVersion "1"]
[SourceVersionDate "2005.01.01"]
[SourceQuality "1"]
[WhiteTeam "Dresdner SC 1898"]
[BlackTeam "PSV Turm Duisburg 1920 e.V."]
[WhiteTeamCountry "GER"]
[BlackTeamCountry "GER"]

1. d4 d5 2. c4 e6 3. Nf3 c6 4. Qc2 Bd6 5. e3 Nf6 6. Nbd2 Nbd7 7. Bd3 h6 8. b3
Qe7 9. Bb2 b6 10. e4 dxe4 11. Nxe4 Nxe4 12. Bxe4 Bb7 13. Ne5 Nxe5 14. dxe5 Bb4+
15. Ke2 Rd8 16. Rhd1 O-O 17. g3 a5 18. Rxd8 Rxd8 19. Rd1 Rxd1 20. Qxd1 b5 21.
Qc1 Qd7 22. c5 a4 23. a3 Ba5 24. bxa4 bxa4 25. Bd3 Qd5 26. f3 Kf8 27. Qc4 Qxc4
28. Bxc4 Ke7 29. Ke3 Kd7 30. Bd3 Bd8 31. Kd2 Bg5+ 32. f4 Bd8 33. Bc3 Be7 34.
Bd4 Bd8 35. Be2 g6 36. Bc3 h5 37. Ke3 Kc8 38. Kd4 Kd7 39. Bd3 Kc8 40. Bc2 Ba6
41. Bxa4 Kb7 42. Bd1 Bf1 43. Bf3 Bh3 44. Be1 Bg4 45. Bg2 Bd1 46. Kc4 Be2+ 47.
Kb3 Bd1+ 48. Kc4 Be2+ 49. Kd4 Bd1 50. h3 Bc7 51. Bf1 Bd8 52. Bb4 Bc7 53. Ke3
Bd8 54. Kd2 Bf3 55. a4 Bd5 56. Ke3 Bb3 57. a5 Bd1 58. Kf2 Be7 59. h4 Bd8 60.
Ke3 Be7 61. Kd4 Bd8 62. Be1 Bc7 63. Bg2 Be2 64. Ke3 Bb5 65. Bf3 Bd8 66. g4 hxg4
67. Bxg4 Bc4 68. h5 gxh5 69. Bxh5 f5 70. Kd4 Bd5 71. Be2 Ka7 72. a6 Kb8 73. Ke3
Be7 74. Bb4 Ka7 75. Bf1 Bd8 76. Kd2 Kb8 77. Bd3 Ka7 78. Ke2 Ka8 79. Kf1 Ka7 80.
Be1 Be7 81. Bf2 Kb8 82. Be3 Ka7 83. Ke2 Kb8 84. Bf2 Ka7 85. Kd2 Kb8 86. Kc3 Ka7
87. Kb4 Kb8 88. Ka5 Ka7 89. Be2 Bd8+ 90. Ka4 Be7 1/2-1/2

[Event "Bundesliga 9899"]
[Site "Deutschland"]
[Date "1999.02.21"]
[Round "11.4"]
[White "Volke, Karsten"]
[Black "Tischbierek, Raj"]
[Result "1/2-1/2"]
[WhiteElo "2455"]
[BlackElo "2521"]
[PlyCount "149"]
[EventDate "1998.10.17"]
[EventType "team"]
[EventRounds "15"]
[EventCountry "GER"]
[SourceTitle "Bundesliga 9899"]
[Source "DeepChess"]
[SourceDate "2005.01.01"]
[SourceVersion "1"]
[SourceVersionDate "2005.01.01"]
[SourceQuality "1"]
[WhiteTeam "PSV Turm Duisburg 1920 e.V."]
[BlackTeam "Dresdner SC 1898"]
[WhiteTeamCountry "GER"]
[BlackTeamCountry "GER"]

1. e4 Nf6 2. e5 Nd5 3. d4 d6 4. Nf3 dxe5 5. Nxe5 Nd7 6. Bc4 c6 7. Qe2 Nxe5 8.
Qxe5 Qc7 9. Qxc7 Nxc7 10. Nc3 Bf5 11. Bb3 O-O-O 12. Be3 e6 13. O-O-O Nd5 14.
Nxd5 cxd5 15. Bg5 Rd7 16. Ba4 Rd6 17. Bb5 a6 18. Bd3 Bg6 19. Bxg6 hxg6 20. h4
Rc6 21. Rh3 Bd6 22. Rdh1 Kd7 23. h5 gxh5 24. Rxh5 Rhc8 25. c3 b5 26. Rh8 Bf8
27. Kb1 f6 28. Be3 a5 29. g4 a4 30. g5 fxg5 31. a3 Be7 32. R8h7 Rg8 33. Rg1 e5
34. dxe5 Rh6 35. Rh1 Rh4 36. R1xh4 gxh4 37. f4 Ke6 38. Rh5 Rf8 39. Kc2 Rf5 40.
Rh8 Rf7 41. Kd3 Kf5 42. Bf2 Kg4 43. Rh7 h3 44. e6 Rxf4 45. Rxg7+ Bg5 46. Be3 h2
47. Bxf4 h1=Q 48. Bxg5 Qe4+ 49. Kd2 Qxe6 50. Be3+ Kf3 51. Bd4 Qe2+ 52. Kc1 Qe1+
53. Kc2 Qe4+ 54. Kc1 Ke2 55. Rg3 Qh1+ 56. Rg1 Qh6+ 57. Kb1 Qh7+ 58. Ka2 Qe4 59.
Rg3 Kd2 60. Be3+ Kc2 61. Bd4 Qe2 62. Rg1 Qc4+ 63. Ka1 Kb3 64. Ba7 Qe2 65. Rb1
b4 66. cxb4 Kc2 67. b5 Qxb5 68. Be3 Kd3 69. Bg5 Ke2 70. Bf6 Qb6 71. Bc3 d4 72.
Bxd4 Qxd4 73. Rc1 Kd2 74. Rc3 Qd5 75. Rc7 1/2-1/2

[Event "Bundesliga 9899"]
[Site "Deutschland"]
[Date "1999.02.21"]
[Round "11.5"]
[White "Uhlmann, Wolfgang"]
[Black "Kraut, Rainer"]
[Result "1/2-1/2"]
[WhiteElo "2475"]
[BlackElo "2460"]
[PlyCount "98"]
[EventDate "1998.10.17"]
[EventType "team"]
[EventRounds "15"]
[EventCountry "GER"]
[SourceTitle "Bundesliga 9899"]
[Source "DeepChess"]
[SourceDate "2005.01.01"]
[SourceVersion "1"]
[SourceVersionDate "2005.01.01"]
[SourceQuality "1"]
[WhiteTeam "Dresdner SC 1898"]
[BlackTeam "PSV Turm Duisburg 1920 e.V."]
[WhiteTeamCountry "GER"]
[BlackTeamCountry "GER"]

1. c4 e5 2. Nc3 Nf6 3. Nf3 Nc6 4. g3 Bb4 5. Nd5 Bc5 6. d3 h6 7. Bg2 O-O 8. O-O
d6 9. a3 a5 10. e3 Bf5 11. d4 Ba7 12. Nxf6+ Qxf6 13. d5 Nb8 14. b3 Nd7 15. Bb2
Qe7 16. b4 Bh7 17. Nd2 f5 18. Qe2 Rae8 19. Kh1 Qf7 20. Bh3 c6 21. dxc6 bxc6 22.
Bg2 Rc8 23. f4 e4 24. Nb3 a4 25. Nd4 Nb6 26. Rac1 c5 27. Nb5 Bb8 28. bxc5 dxc5
29. g4 fxg4 30. Qxg4 Bf5 31. Qg3 Rc6 32. Rfd1 Rg6 33. Qf2 Nxc4 34. Ba1 Re8 35.
Bf1 Nb6 36. Rxc5 Bg4 37. Be2 Qa2 38. Nc3 Bf3+ 39. Qxf3 exf3 40. Nxa2 fxe2 41.
Re1 Rxe3 42. Rc2 Bxf4 43. Rcxe2 Rxe2 44. Rxe2 Nc4 45. Nc3 Be3 46. Re1 Bd2 47.
Re4 Bxc3 48. Bxc3 Nxa3 49. Rxa4 Nb5 1/2-1/2

[Event "Bundesliga 9899"]
[Site "Deutschland"]
[Date "1999.02.21"]
[Round "11.6"]
[White "Zude, Arno"]
[Black "Borriss, Martin"]
[Result "0-1"]
[WhiteElo "2395"]
[BlackElo "2408"]
[PlyCount "138"]
[EventDate "1998.10.17"]
[EventType "team"]
[EventRounds "15"]
[EventCountry "GER"]
[SourceTitle "Bundesliga 9899"]
[Source "DeepChess"]
[SourceDate "2005.01.01"]
[SourceVersion "1"]
[SourceVersionDate "2005.01.01"]
[SourceQuality "1"]
[WhiteTeam "PSV Turm Duisburg 1920 e.V."]
[BlackTeam "Dresdner SC 1898"]
[WhiteTeamCountry "GER"]
[BlackTeamCountry "GER"]

1. e4 c5 2. Nf3 d6 3. d4 cxd4 4. Nxd4 Nf6 5. Nc3 Nc6 6. Bg5 e6 7. Qd2 Be7 8.
O-O-O O-O 9. Nb3 a6 10. Bxf6 gxf6 11. Qh6 Kh8 12. Qh5 Qe8 13. f4 Rg8 14. g4 b5
15. h4 b4 16. Na4 Rb8 17. Bd3 e5 18. g5 Nd8 19. Rdg1 Ne6 20. gxf6 Bxf6 21. f5
Nf4 22. Qh6 Rxg1+ 23. Rxg1 Qe7 24. Nd2 Bd7 25. b3 Bb5 26. Nc4 Rg8 27. Rxg8+
Kxg8 28. Nab6 Bxh4 29. Kd2 Bg5 30. Qh1 d5 31. exd5 Nxd5+ 32. Ke1 Bh4+ 33. Kf1
Nxb6 34. Nxb6 Bxd3+ 35. cxd3 Qf6 36. Ke2 Qxb6 37. Qxh4 f6 38. Qc4+ Kg7 39. Qg4+
Kf8 40. Qh4 Kg7 41. Qg4+ Kh8 42. Qc4 Qb7 43. Kf2 Kg7 44. Qg4+ Kf8 45. Qh4 Qe7
46. Qc4 a5 47. Ke2 h5 48. Qh4 Qf7 49. Kd2 Ke8 50. d4 exd4 51. Kd3 Kd8 52. Qe4
Qd7 53. Qa8+ Ke7 54. Qe4+ Kf7 55. Qf3 h4 56. Qh5+ Ke7 57. Qxh4 Qxf5+ 58. Kxd4
Kd6 59. Qh8 Qf2+ 60. Kc4 Qe2+ 61. Kd4 Qe5+ 62. Kd3 Qf5+ 63. Kd4 Qe5+ 64. Kd3
Ke7 65. Kc4 Ke6 66. Qe8+ Kf5 67. Qh5+ Kf4 68. Qh3 Qe2+ 69. Kd4 Qe4+ 0-1

[Event "Bundesliga 9899"]
[Site "Deutschland"]
[Date "1999.02.21"]
[Round "11.7"]
[White "Gauglitz, Gernot"]
[Black "Schmitz, Joachim"]
[Result "1/2-1/2"]
[WhiteElo "2410"]
[BlackElo "2320"]
[PlyCount "166"]
[EventDate "1998.10.17"]
[EventType "team"]
[EventRounds "15"]
[EventCountry "GER"]
[SourceTitle "Bundesliga 9899"]
[Source "DeepChess"]
[SourceDate "2005.01.01"]
[SourceVersion "1"]
[SourceVersionDate "2005.01.01"]
[SourceQuality "1"]
[WhiteTeam "Dresdner SC 1898"]
[BlackTeam "PSV Turm Duisburg 1920 e.V."]
[WhiteTeamCountry "GER"]
[BlackTeamCountry "GER"]

1. d4 d5 2. c4 c6 3. cxd5 cxd5 4. Nc3 Nf6 5. Bf4 Nc6 6. e3 a6 7. Bd3 Bg4 8.
Nge2 e6 9. Rc1 Be7 10. O-O O-O 11. Na4 Nd7 12. a3 Rc8 13. b4 b5 14. Nc5 Nxc5
15. bxc5 Qa5 16. Qb3 Bh5 17. Bg3 Bg6 18. Nf4 Bxd3 19. Nxd3 Rfd8 20. Nb4 Rd7 21.
Ra1 h5 22. h3 h4 23. Bh2 Ra7 24. Rfb1 Nxb4 25. axb4 Qd8 26. Ra3 Qd7 27. Rba1
Qc6 28. Qd1 Rca8 29. Qe1 g6 30. R1a2 Kg7 31. Kh1 Re8 32. Qa1 Rea8 33. f3 Kg8
34. Bg1 Bf6 35. Bf2 Kg7 36. Qe1 Rh8 37. e4 Qb7 38. Qe3 Rd8 39. e5 Be7 40. Qe1
Rh8 41. Qc1 Qc6 42. Be3 f6 43. Bf4 Kf7 44. exf6 Bxf6 45. Bg5 e5 46. Bxf6 Qxf6
47. dxe5 Qxe5 48. Rxa6 Rxa6 49. Rxa6 Re8 50. Ra1 g5 51. c6 Re7 52. Qd1 d4 53.
Rc1 Qf4 54. Qc2 d3 55. Qb3+ Kf8 56. Rd1 d2 57. Qc3 Re2 58. c7 Re1+ 59. Rxe1
dxe1=R+ 60. Qxe1 Qxc7 61. Qe3 Qc4 62. Qd2 Kf7 63. Kg1 Kf6 64. Kf2 Kf5 65. Qd7+
Kf6 66. Qd6+ Kf7 67. Ke3 Qf1 68. Qd7+ Kf6 69. Qd2 Ke6 70. Qa2+ Ke5 71. Qb2+ Ke6
72. Qb3+ Ke5 73. Qc3+ Ke6 74. Qc6+ Ke5 75. Qe4+ Kf6 76. Qc6+ Ke5 77. Qc3+ Ke6
78. Qd2 Ke5 79. Qd4+ Ke6 80. Qg4+ Kf6 81. Qd4+ Ke6 82. f4 Qc1+ 83. Kf3 Qf1+
1/2-1/2

[Event "Bundesliga 9899"]
[Site "Deutschland"]
[Date "1999.02.21"]
[Round "11.1"]
[White "Casper, Thomas"]
[Black "Sokolovs, Andrei"]
[Result "1/2-1/2"]
[WhiteElo "2435"]
[BlackElo "2490"]
[PlyCount "127"]
[EventDate "1998.10.17"]
[EventType "team"]
[EventRounds "15"]
[EventCountry "GER"]
[SourceTitle "Bundesliga 9899"]
[Source "DeepChess"]
[SourceDate "2005.01.01"]
[SourceVersion "1"]
[SourceVersionDate "2005.01.01"]
[SourceQuality "1"]
[WhiteTeam "Erfurter SK"]
[BlackTeam "SK Zaehringen 1921"]
[WhiteTeamCountry "GER"]
[BlackTeamCountry "GER"]

1. e4 c5 2. Nf3 e6 3. d3 Nc6 4. Be2 Nge7 5. O-O Ng6 6. c3 d5 7. exd5 exd5 8. d4
cxd4 9. Nxd4 Bd6 10. Bf3 Be5 11. Be3 O-O 12. Qb3 Nh4 13. Qxd5 Bxd4 14. cxd4 Be6
15. Qxd8 Nxf3+ 16. gxf3 Raxd8 17. Rd1 Bd5 18. Nd2 f5 19. f4 Rd6 20. Rac1 Rfd8
21. a3 Rg6+ 22. Kf1 Rg2 23. Ke2 Rxh2 24. Rc5 Rh3 25. b4 a6 26. Rb1 b6 27. Rcc1
Re8 28. Kd3 b5 29. Rc5 Rd8 30. Ke2 Rh6 31. Rbc1 Re6 32. Kd3 g6 33. Kc3 h5 34.
Ra1 Ne7 35. a4 Bc6 36. axb5 Bxb5 37. Kb3 Nd5 38. Nc4 Re4 39. Ne5 Nxe3 40. fxe3
Rxe3+ 41. Rc3 Rxc3+ 42. Kxc3 Rc8+ 43. Kb3 Kg7 44. Rg1 Be8 45. d5 Bf7 46. Nxf7
Kxf7 47. Ra1 Ra8 48. b5 Rb8 49. Rxa6 Rxb5+ 50. Kc4 Rb7 51. Kc5 h4 52. d6 h3 53.
Ra3 h2 54. Rh3 Rb2 55. Kc6 Rc2+ 56. Kd7 g5 57. fxg5 f4 58. Kd8 Kg6 59. d7 Kxg5
60. Ke8 Re2+ 61. Kf7 Rd2 62. Ke7 Re2+ 63. Kf7 Rd2 64. Ke7 1/2-1/2

[Event "Bundesliga 9899"]
[Site "Deutschland"]
[Date "1999.02.21"]
[Round "11.3"]
[White "Enders, Peter"]
[Black "Pelletier, Yannick"]
[Result "1-0"]
[WhiteElo "2474"]
[BlackElo "2483"]
[PlyCount "83"]
[EventDate "1998.10.17"]
[EventType "team"]
[EventRounds "15"]
[EventCountry "GER"]
[SourceTitle "Bundesliga 9899"]
[Source "DeepChess"]
[SourceDate "2005.01.01"]
[SourceVersion "1"]
[SourceVersionDate "2005.01.01"]
[SourceQuality "1"]
[WhiteTeam "Erfurter SK"]
[BlackTeam "SK Zaehringen 1921"]
[WhiteTeamCountry "GER"]
[BlackTeamCountry "GER"]

1. e4 e5 2. Nf3 Nc6 3. Bb5 a6 4. Ba4 Nf6 5. O-O Nxe4 6. d4 b5 7. Bb3 Be7 8.
dxe5 Nc5 9. Bd5 O-O 10. Nc3 Rb8 11. Ne4 Nb4 12. Nxc5 Bxc5 13. Bg5 Be7 14. Bxe7
Qxe7 15. Bb3 Bb7 16. Re1 Rbe8 17. Re3 a5 18. a4 bxa4 19. Rxa4 Qc5 20. Qd4 Qb5
21. Ra1 Bxf3 22. gxf3 Re7 23. f4 Kh8 24. Ba4 Qb7 25. Rd1 c6 26. Bb3 Rfe8 27.
Rd2 Qc7 28. c3 Na6 29. Bc2 Nb8 30. Rde2 c5 31. Qc4 Qc6 32. Rd2 Qb6 33. b3 Qe6
34. Rd5 Nc6 35. Rxc5 Qg4+ 36. Rg3 Qh4 37. Kg2 g6 38. Bd1 Re6 39. Bg4 R6e7 40.
Bxd7 Rxd7 41. Rxc6 Qh5 42. Rc8 1-0

[Event "Bundesliga 9899"]
[Site "Deutschland"]
[Date "1999.02.21"]
[Round "11.5"]
[White "Renner, Christoph"]
[Black "Roos, Daniel"]
[Result "0-1"]
[WhiteElo "2437"]
[BlackElo "2425"]
[PlyCount "80"]
[EventDate "1998.10.17"]
[EventType "team"]
[EventRounds "15"]
[EventCountry "GER"]
[SourceTitle "Bundesliga 9899"]
[Source "DeepChess"]
[SourceDate "2005.01.01"]
[SourceVersion "1"]
[SourceVersionDate "2005.01.01"]
[SourceQuality "1"]
[WhiteTeam "Erfurter SK"]
[BlackTeam "SK Zaehringen 1921"]
[WhiteTeamCountry "GER"]
[BlackTeamCountry "GER"]

1. e4 c6 2. Nc3 d5 3. Nf3 Bg4 4. h3 Bh5 5. exd5 cxd5 6. g4 Bg6 7. Bb5+ Nc6 8.
Ne5 Rc8 9. h4 f6 10. Nxg6 hxg6 11. d4 e6 12. Bd3 Kf7 13. h5 gxh5 14. gxh5 f5
15. Qf3 Nf6 16. Bd2 Qb6 17. O-O-O Qxd4 18. Bf4 Qc5 19. Rdg1 d4 20. Na4 Qd5 21.
Qg3 Ne7 22. h6 g6 23. b3 Ne4 24. Qh2 e5 25. f3 Nf6 26. Bxe5 Bxh6+ 27. Bf4 Bxf4+
28. Qxf4 b5 29. Rxh8 Rxh8 30. Re1 a6 31. Qc7 Qd7 32. Qe5 Nc6 33. Qc5 bxa4 34.
Bc4+ Kg7 35. Re6 Rc8 36. Rd6 Qb7 37. Bd5 Qb4 38. Qxb4 Nxb4 39. Bc4 Nxa2+ 40.
Kb2 Nb4 0-1

[Event "Bundesliga 9899"]
[Site "Deutschland"]
[Date "1999.02.21"]
[Round "11.6"]
[White "Maier, Christian"]
[Black "Troyke, Christian"]
[Result "1-0"]
[WhiteElo "2353"]
[BlackElo "2400"]
[PlyCount "77"]
[EventDate "1998.10.17"]
[EventType "team"]
[EventRounds "15"]
[EventCountry "GER"]
[SourceTitle "Bundesliga 9899"]
[Source "DeepChess"]
[SourceDate "2005.01.01"]
[SourceVersion "1"]
[SourceVersionDate "2005.01.01"]
[SourceQuality "1"]
[WhiteTeam "SK Zaehringen 1921"]
[BlackTeam "Erfurter SK"]
[WhiteTeamCountry "GER"]
[BlackTeamCountry "GER"]

1. e4 c5 2. Nf3 Nc6 3. Bb5 g6 4. O-O Bg7 5. c3 Nf6 6. d3 O-O 7. Nbd2 Qc7 8. Re1
d6 9. a3 a6 10. Ba4 b5 11. Bc2 e5 12. Nf1 h6 13. Bb3 Bb7 14. Ng3 Rad8 15. Nh4
Ne7 16. d4 c4 17. Bc2 d5 18. dxe5 Nxe4 19. f4 Qc8 20. Be3 f5 21. Nf3 Kh8 22. a4
Nc6 23. axb5 axb5 24. Bb6 Rd7 25. Nh4 Qe8 26. Bxe4 dxe4 27. Nxg6+ Kg8 28. Qh5
Ne7 29. Nxf8 Qxh5 30. Nxh5 Kxf8 31. Red1 Rd3 32. Rxd3 exd3 33. Kf2 Nc6 34. Ng3
Kf7 35. Nxf5 Bf8 36. Nd4 Nxd4 37. Bxd4 Ke6 38. g4 Kd5 39. Ke3 $138 1-0

[Event "Bundesliga 9899"]
[Site "Deutschland"]
[Date "1999.02.21"]
[Round "11.7"]
[White "Voekler, Bernd"]
[Black "Gruenenwald, Joerg"]
[Result "1/2-1/2"]
[WhiteElo "2360"]
[BlackElo "2323"]
[PlyCount "27"]
[EventDate "1998.10.17"]
[EventType "team"]
[EventRounds "15"]
[EventCountry "GER"]
[SourceTitle "Bundesliga 9899"]
[Source "DeepChess"]
[SourceDate "2005.01.01"]
[SourceVersion "1"]
[SourceVersionDate "2005.01.01"]
[SourceQuality "1"]
[WhiteTeam "Erfurter SK"]
[BlackTeam "SK Zaehringen 1921"]
[WhiteTeamCountry "GER"]
[BlackTeamCountry "GER"]

1. e4 c5 2. Nf3 d6 3. d4 cxd4 4. Nxd4 Nf6 5. Nc3 a6 6. g3 e5 7. Nde2 Be7 8. h3
h5 9. Bg2 Nbd7 10. Be3 b5 11. a4 b4 12. Nd5 Nxd5 13. exd5 a5 14. Qd2 1/2-1/2